000 00837nas a2200241 4500
001 BR9209538
003 BR-BrBNA
005 20231205093305.0
007 ta
008 230509b bl.|||p| |||| 00| 00por d
040 _aBR-BrBNA
_bpor
_cBiblioteca Nacional de Agricultura
041 _a(Pt)
072 _aP35
100 1 _aFarias, M.E. de
100 1 _aFlores, F.E.V.
245 1 _aEfeitos da salinidade em Blutaparon portulacoides (St. Hil.)mears (Amaranthaceae): relacoes entre a taxa fotossintetica e o teor de sodio, economia hidrica e crescimento a nivel foliar
650 _aSOLO
650 _aSALINIDADE
650 _aANALISE DO SOLO
773 0 _tRevista Brasileira de Biologia (Brazil)
_xISSN 0034-7108
_g(Feb 1989), v. 49(1) p. 155-164
_wBR9209538
909 _a202311
_bLúcia
_c55
_dLúcia Elande
942 _2AGRIS
_n0
_cANA
999 _c137330
_d137330